An investigation of induced travel at mixed-use developments /

Bibliographic Details
Main Author: Sperry, Benjamin Robert
Other Authors: Burris, Mark W. (Thesis advisor)
Format: Thesis eBook
Language:English
Published: [College Station, Tex.] : [Texas A&M University], [2010]
Subjects:
Online Access:Link to OAK Trust copy

MARC

Tag First Indicator Second Indicator Subfields
LEADER 00000cam a2200000Ka 4500
001 in00002575474
005 20151201150148.0
006 m f d
007 cr unu||||||||
008 100428s2010 txu sbm 000 0 eng d
035 |a (OCoLC)ocn609904885 
035 |a (OCoLC)609904885 
035 |a (TxCM)http://hdl.handle.net/1969.1/ETD-TAMU-2695 
040 |a TXA  |c TXA  |d UtOrBLW 
049 |a TXAM 
099 |a 2008  |a Thesis  |a 1969.1/ETD-TAMU-2695 
100 1 |a Sperry, Benjamin Robert. 
245 1 3 |a An investigation of induced travel at mixed-use developments /  |c by Benjamin Robert Sperry. 
264 1 |a [College Station, Tex.] :  |b [Texas A&M University],  |c [2010] 
300 |a 1 online resource. 
336 |a text  |b txt  |2 rdacontent 
337 |a computer  |b c  |2 rdamedia 
338 |a online resource  |b cr  |2 rdacarrier 
500 |a "Major Subject: Civil Engineering" 
500 |a Title from author supplied metadata (automated record created 2010-03-12 12:08:51). 
502 |b Master of Science  |c Texas A&M University  |d 2008  |o http://hdl.handle.net/1969.1/ETD-TAMU-2695 
504 |a Includes bibliographical references. 
516 |a Text (Thesis) 
520 3 |a Existing literature suggests that mixed land-use developments have the potential to reduce traffic by 'capturing' some trips internally and providing a pedestrian-friendly environment to facilitate walking for some trips. However, these elements which are meant to provide the traffic-reducing benefits also reduce the overall cost of travel, thereby increasing the total amount of travel. This 'induced' travel has implications for the site planning process, which assumes that all internal trips are replacing trips on the external street network. In this investigation, travel survey data were analyzed to determine the nature and extent of induced travel at mixed-use developments. The study site was a 75-acre suburban infill mixed-use development in Plano, Texas. Features of the study site included a diverse land-use mix, a grid-style street layout, and pedestrian-oriented streetscapes. The travel survey was administered as an interview of persons exiting buildings at the site and gathered information about two trips made by the respondent, including whether the trip made at the time of the interview was induced. A trip was considered induced if the respondent would not have made the trip if it had required travel outside of Legacy Town Center. Analysis found that in the morning, four percent of all trips at the study site were induced; in the afternoon, about one-quarter of all trips were induced. Induced trips accounted for one-eighth of internal trips in the morning and forty percent of internal trips in the afternoon. Most internal trips made in an automobile were replacements for off-site travel while most trips made on foot were induced. Based on this study, it is evident that some internal trips at mixeduse developments are not 'captured' from external streets, but represent additional trips, induced by travel cost savings in the mixed-use environment. However, it is demonstrated that, even with this additional travel, mixed-use developments still contribute to a reduction in overall vehicle-miles of travel. Stakeholders are encouraged to consider these findings when evaluating new land-use policies or the traffic impacts of proposed mixed-use developments. 
500 |a Electronic resource. 
650 4 |a Major civil engineering. 
653 |a Mixed-Use Developments 
653 |a New Urbanism 
653 |a Induced Travel 
653 |a Legacy Town Center 
653 |a Neotraditional Neighborhood Development 
653 |a Transportation Planning 
700 1 |a Burris, Mark W.,  |e thesis advisor. 
856 4 0 |u http://hdl.handle.net/1969.1/ETD-TAMU-2695  |z Link to OAK Trust copy  |t 0 
948 |a cataloged  |b h  |c 2010/4/28  |d c  |e jgreene  |f #:42:38 pm 
994 |a C0  |b TXA 
999 |a MARS 
999 f f |s 76f27de0-99ad-37ea-b4db-eba4d10a57d7  |i 6cf8934d-a9aa-346b-8d2b-362f2fea7084  |t 0 
952 f f |a Texas A&M University  |b College Station  |c Electronic Resources  |d Available Online  |t 0  |e 2008 Thesis 1969.1/ETD-TAMU-2695  |h Other scheme 
998 f f |a 2008 Thesis 1969.1/ETD-TAMU-2695  |t 0  |l Available Online